000
00312nam a22001337a 4500
003
SGT
082
_a
370
_b
M13D
100
_a
DUGGAL, K.P.
245
_a
MEASUREMENT AND EVALUATION IN PSYCHOLOGY AND EDUCATION
260
_a
NEW DELHI
_b
SAURABH PUB
_c
2013
300
_a
272
650
_a
EDUCATION
942
_2
ddc
_c
BK
999
_c
12325
_d
12325